| 000 | 01568nam0a2200349 4500 | ||
|---|---|---|---|
| 001 | RU\NLR\bibl\1417735 | ||
| 005 | 20260607051700.0 | ||
| 010 |
_a978-5-235-03245-3 _95000 |
||
| 021 |
_aRU _b2009-60766 _93747 |
||
| 035 | _a(nilc)RSL-KNO-004362688 | ||
| 035 | _a(NLR Aleph) 001409692 | ||
| 090 |
_a1274513 _c1274513 |
||
| 100 | _a20090717d2009 |||y0rusy50 ca | ||
| 101 | 0 | _arus | |
| 102 | _aRU | ||
| 105 | _aa zzzz||||| | ||
| 200 | 1 |
_aСолженицын _fЛюдмила Сараскина |
|
| 210 |
_aМосква _cМолодая гвардия _d2009 |
||
| 215 |
_a958, [1] с., [24] л. ил., портр. _d21 |
||
| 225 | 1 |
_aЖизнь замечательных людей _eсерия биографий _fосн. в 1890 г. Ф. Павленковым и продолж. в 1933 г. М. Горьким _vвып. 1375 (1175) |
|
| 320 | _aБиблиогр.: с. 953-957 | ||
| 600 | 1 |
_aСолженицын _bА. И. _f1918 - 2008 _gАлександр Исаевич _xБиография _92413105 _3RU\NLR\auth\661437613 |
|
| 686 |
_aШ5(2=Р)7-4Солженицын А.И.4,0 _2rubbk |
||
| 686 | _aШ5(2=Р)7-4Солженицын | ||
| 700 | 1 |
_4070 _7ca _8rus _aСараскина _bЛ. И. _f1947- _gЛюдмила Ивановна _911402 _3RU\NLR\auth\7728371 |
|
| 702 | 1 |
_4570 _7ca _8rus _aСолженицын _bА. И. _f1918-2008 _gАлександр Исаевич _9110289 _3RU\NLR\auth\77230 |
|
| 801 | 0 |
_aRU _bРКП _c20090717 _grcr |
|
| 801 | 1 |
_aRU _bРГБ _c20090717 |
|
| 801 | 2 |
_aRU _bNLR _c20090930 _grcr |
|
| 942 | _cBOOK | ||
| 980 | _aNB | ||